| 000 | 01016cam a22002894a 4500 | ||
|---|---|---|---|
| 020 | _a9780721606934 | ||
| 020 | _a0721606938 | ||
| 040 | _cDLC | ||
| 082 | 0 | 0 | _a615 SAU 2007 A115 Or. |
| 245 | 0 | 0 | _aHaddad and Winchester's clinical management of poisoning and drug overdose / |
| 246 | 3 | 0 | _aClinical management of poisoning and drug overdose |
| 250 | _a4th ed. | ||
| 260 |
_aPhiladelphia : _bSaunders/Elsevier, _cc2007. |
||
| 300 |
_axxvi, 1559 p. : _bill. (some col.) ; _c29 cm. |
||
| 500 | _aRev. ed. of: Clinical management of poisoning and drug overdose / [edited by] Lester M. Haddad, Michael W. Shannon, James F. Winchester. 3rd ed. c1998. | ||
| 650 | 0 | _aPoisoning. | |
| 650 | 0 | _aMedication abuse. | |
| 650 | 0 | _aDrugs | |
| 650 | 1 | 2 | _aPoisoning |
| 700 | 1 | _aShannon, Michael W. | |
| 700 | 1 | _aBorron, Stephen W. | |
| 700 | 1 | _aBurns, Michael J., | |
| 700 | 1 | _aHaddad, Lester M. | |
| 700 | 1 | _aWinchester, James F. | |
| 856 | 4 | 1 | _uhttp://www.loc.gov/catdir/toc/ecip074/2006037454.html |
| 942 | _cEK | ||
| 999 |
_c17468 _d17468 |
||